Abortion: (Record no. 17130)

000 -LEADER
fixed length control field 00513nam a2200169 a 4500
001 - CONTROL NUMBER
control field :::00020857$&:&@@
003 - CONTROL NUMBER IDENTIFIER
control field OkBaRHE
005 - DATE AND TIME OF LATEST TRANSACTION
control field 20040124145735.0
008 - FIXED-LENGTH DATA ELEMENTS--GENERAL INFORMATION
fixed length control field s1989 j 000 0 eng u
040 ## - CATALOGING SOURCE
Transcribing agency
100 1# - MAIN ENTRY--PERSONAL NAME
Personal name Exley, Richard
245 10 - TITLE STATEMENT
Title Abortion:
Remainder of title pro-life by conviction, pro-choice by default.
260 ## - PUBLICATION, DISTRIBUTION, ETC. (IMPRINT)
Place of publication, distribution, etc Tulsa, OK
Name of publisher, distributor, etc Honor Books
Date of publication, distribution, etc 1989
300 ## - PHYSICAL DESCRIPTION
Extent 112 p.
942 ## - ADDED ENTRY ELEMENTS (KOHA)
Source of classification or shelving scheme
Koha item type Books
Copies
Date acquired Copy number Lost status Price effective from Withdrawn status Shelving location Source of classification or shelving scheme Barcode Full call number Permanent Location Damaged status Not for loan Date last seen Koha item type
2010-04-141 2010-04-14 General Stacks 20857HQ 767.5 .U5E9RHEMA Bible Training College  2010-04-14Books